Be safe be healthy (Record no. 113177)

MARC details
000 -LEADER
fixed length control field 01000cad a22002175a 4500
001 - CONTROL NUMBER
control field L154818
008 - FIXED-LENGTH DATA ELEMENTS--GENERAL INFORMATION
fixed length control field 120120s2010 xxk f 000 0 eng d
035 ## - SYSTEM CONTROL NUMBER
System control number (Sirsi) u154818
041 0# - LANGUAGE CODE
Language code of text/sound track or separate title eng
110 2# - MAIN ENTRY--CORPORATE NAME
Corporate name or jurisdiction name as entry element Olympic Delivery Authority
9 (RLIN) 5117
245 00 - TITLE STATEMENT
Title Be safe be healthy
Remainder of title health and safety and park health annual report, September 2010
Medium [electronic resource]
260 ## - PUBLICATION, DISTRIBUTION, ETC.
Place of publication, distribution, etc. London
Name of publisher, distributor, etc. ODA
Date of publication, distribution, etc. 2010
520 ## - SUMMARY, ETC.
Summary, etc. The report discusses the management measures in place for health and safety during the construction of the Olympic Park and the Olympic Village; the ODA is trying to achieve the safest and healthiest major construction programme.
590 ## - LOCAL NOTE (RLIN)
Local note KA
650 24 - SUBJECT ADDED ENTRY--TOPICAL TERM
Topical term or geographic name entry element OLYMPIC GAMES 2012
651 #4 - SUBJECT ADDED ENTRY--GEOGRAPHIC NAME
Geographic name United Kingdom
Chronological subdivision
690 ## - LOCAL SUBJECT ADDED ENTRY--TOPICAL TERM (OCLC, RLIN)
Topical term or geographic name as entry element Project management
9 (RLIN) 6261
690 ## - LOCAL SUBJECT ADDED ENTRY--TOPICAL TERM (OCLC, RLIN)
Topical term or geographic name as entry element Health and safety
9 (RLIN) 6244
856 40 - ELECTRONIC LOCATION AND ACCESS
Uniform Resource Identifier <a href="https://www.london2012.com/documents/oda-publications/h-s-park-health-annual-report-2010-final-web.pdf">https://www.london2012.com/documents/oda-publications/h-s-park-health-annual-report-2010-final-web.pdf</a>
Public note View the annual report free of charge at www.london2012.com
942 ## - ADDED ENTRY ELEMENTS (KOHA)
Suppress in OPAC 0
Holdings
Withdrawn status Lost status Source of classification or shelving scheme Damaged status Not for loan Home library Current library Shelving location Date acquired Total Checkouts Full call number Barcode Date last seen Copy number Price effective from Koha item type
    Dewey Decimal Classification     Virtual Virtual Online 20/01/2012   ONLINE PUBLICATION 154818-2001 06/08/2019 1 06/08/2019 Book